Statistiken für Meist gefolgten Instagram-Accounts 2019

Klicken Sie hier um das Quiz zu spielen!

Allgemein

  • Dieses Quiz wurde 186 mal gespielt
  • Das Durchschnittsergebnis liegt bei 7 aus 15

Antwortstatistiken

FollowerPerson% Korrekt
154 Mio.Cristiano Ronaldo
84%
108 Mio.Lionel Messi
76%
127 Mio.Kim Kardashian
63%
104 Mio.Justin Bieber
62%
144 Mio.Ariana Grande
53%
279 Mio.Instagram
53%
111 Mio.Neymar
51%
126 Mio.Kylie Jenner
46%
145 Mio.Selena Gomez
46%
103 Mio.Kendall Jenner
44%
114 Mio.Taylor Swift
42%
123 Mio.Beyoncé
28%
131 MioDwayne Johnson
27%
98 Mio.Nicki Minaj
8%
97 Mio.National Geographic
3%

Verteilung der Resultate

Perzentil nach korrekt beantworteten Fragen

Anzahl Personen mit jedem Resultat

Ihre Resultats-Entwicklung

Sie haben dieses Quiz noch nicht gespielt